000
00303nam a2200121Ia 4500
008
220216s9999 xx 000 0 und d
100
_a
Thomas V
245
0
_a
Rubber sheetile pooppal neekkan upakaranam
260
_b
Karshakasree
_c
2009
300
_a
23
650
_a
Sheet cleaning device
942
_c
BS
999
_c
51127
_d
51127